Govt. of
Madhya Pradesh

Objective Mathematics (Record no. 31786)

MARC details
000 -LEADER
fixed length control field 004540000a22001810004500
003 - CONTROL NUMBER IDENTIFIER
control field MACL
005 - DATE AND TIME OF LATEST TRANSACTION
control field 20160122122935.0
008 - FIXED-LENGTH DATA ELEMENTS--GENERAL INFORMATION
fixed length control field 160122b xxu||||| |||| 00| 0 eng d
040 ## - CATALOGING SOURCE
Original cataloging agency MACL
Transcribing agency MACL
041 ## - LANGUAGE CODE
Language code of text/sound track or separate title English
082 ## - DEWEY DECIMAL CLASSIFICATION NUMBER
Classification number 510/BRI
100 ## - MAIN ENTRY--PERSONAL NAME
Personal name Bright Careers Institute
9 (RLIN) 34039
245 ## - TITLE STATEMENT
Title Objective Mathematics
260 ## - PUBLICATION, DISTRIBUTION, ETC. (IMPRINT)
Name of publisher, distributor, etc. Bright Careers Institute
Place of publication, distribution, etc. New Delhi
350 ## - PRICE (NR) (BK AM CF MU VM SE) [OBSOLETE]
Price 350
650 ## - SUBJECT ADDED ENTRY--TOPICAL TERM
Topical term or geographic name as entry element Mathemetics
9 (RLIN) 5700
942 ## - ADDED ENTRY ELEMENTS (KOHA)
Koha item type Books
Call number prefix 510/Bri
Source of classification or shelving scheme
Holdings
Withdrawn status Lost status Source of classification or shelving scheme Damaged status Not for loan Home library Current library Date acquired Cost, normal purchase price Total Checkouts Total Renewals Full call number Barcode Date last seen Date last checked out Uniform Resource Identifier Price effective from Koha item type
          MACL MACL 22/01/2016 350.00 4 1 510/BRI CLC004200 24/09/2017 06/09/2017 31840 15/04/2015 Books